000
00198 a2200097 4500
020
_a
9780794541705
041
_a
eng
100
_a
Daynes, Katie
245
_a
The ant and the grasshopper
942
_c
BK
999
_c
31639
_d
31637